Metódy výučby personálneho manažmentu z pohľadu tvorivo-humanistickej koncepcie

Koncepcia tvorivo-humanistickej výchovy ako základné východisko nového poňatia vzdelávania (THV systém). Model rozvoja psychických funkcií a procesov osobnosti v systéme THV. Stratégie rozvoja osobnosti. Východiská dlhodobého zámeru rozvoja vysokých škôl na obdobie 2011-2015 s výhľadom do roku 2019....

ver descrição completa

Na minha lista:
Detalhes bibliográficos
Autor principal: Tarišková, Natália, 1973-
Formato: Capítulo de Livro
Idioma:eslovaco
Assuntos:
Tags: Adicionar Tag
Sem tags, seja o primeiro a adicionar uma tag!

MARC

LEADER 00000naa$a2200000$$$4500
001 0240712
005 20240502073922.3
041 0 |a slo 
044 |a SK 
245 1 0 |a Metódy výučby personálneho manažmentu z pohľadu tvorivo-humanistickej koncepcie  |c Natália Tarišková 
520 |a Koncepcia tvorivo-humanistickej výchovy ako základné východisko nového poňatia vzdelávania (THV systém). Model rozvoja psychických funkcií a procesov osobnosti v systéme THV. Stratégie rozvoja osobnosti. Východiská dlhodobého zámeru rozvoja vysokých škôl na obdobie 2011-2015 s výhľadom do roku 2019. Dlhodobý zámer rozvoja Ekonomickej univerzity v Bratislave na obdobie 2011-2015 s výhľadom do roku 2019. Dlhodobý zámer rozvoja Fakulty podnikového manažmentu. 
610 2 0 |a vzdelávanie vysokoškolské 
610 2 0 |a univerzity 
610 2 0 |a fakulty 
610 2 0 |a ekonómia 
610 2 0 |a manažment personálny 
610 2 0 |a vyučovanie 
610 2 0 |a výchova 
100 1 |a Tarišková, Natália, 1973-